Escuelas literarias

Gespeichert in:
Bibliographische Detailangaben
1. Verfasser: Bonet, Carmelo M (VerfasserIn)
Format: Buch
Sprache:Spanisch
Veröffentlicht: Buenos Aires Columba 1953
Ausgabe:2a. ed
Schriftenreihe:Colección Esquemas, 6
Schlagworte:
Tags: Tag hinzufügen
Keine Tags, Fügen Sie den ersten Tag hinzu!

MARC

LEADER 00000nam a2200000 a 4500
001 UCX5732
003 CL-VaPUC
008 930112e19530000AG |||||||||||||||||spa|d
082 0 4 |a 808.801  |b BON  |2 21 
100 0 |a Bonet, Carmelo M  |e author  |9 322097 
245 1 0 |a Escuelas literarias 
250 |a 2a. ed 
300 |a 71 p 
942 |c BK 
945 |d 19930112 00:00:00 
260 |a Buenos Aires  |b Columba  |c 1953 
650 0 |a Romanticismo en la literatura  |9 313777 
650 7 |a CLASICISMO EN LA LITERATURA  |2 CL-VaPUC  |9 322098 
583 |a last modification  |c 19930112 00:00:00  |k Rodrigo Vera 
490 0 |a Colección Esquemas, 6 
999 |c 225925  |d 225923 
952 |0 0  |1 0  |4 0  |6 808_801000000000000_BON_1953  |7 0  |8 A  |9 223890  |a BIBEDU  |b BIBEDU  |d 2019-11-15  |i 2926830  |o 808.801 BON 1953  |p 2926830  |r 2019-11-15  |w 2019-11-15  |y BK  |k LIT